Cargando...

Missing links in Indian planning

Detalles Bibliográficos
Autor principal: Mansoor Ali
Formato: Printed Book
Publicado: New Delhi Light & Life Publishers 1979
Materias:
LEADER 00522nam a2200157 4500
082 |a 338.954 MAN-M 
100 |a Mansoor Ali 
245 |a Missing links in Indian planning 
250
260 |a New Delhi  |b Light & Life Publishers  |c 1979 
300
490
650 |a India-economic development and growth-- Economic planning-- Production economics 
942 |c BK 
999 |c 222727  |d 222727 
952 |0 0  |1 0  |4 0  |6 338_954000000000000_MANM  |7 0  |9 236860  |a SDE  |b SDE  |d 2019-12-12  |l 0  |o 338.954 MAN-M  |p SDE2012  |r 2019-12-12  |w 2019-12-12  |y BK